| 000 | 00822nam a22002538a 4500 | ||
|---|---|---|---|
| 001 | 014519300 | ||
| 003 | Uk | ||
| 005 | 20160828153910.0 | ||
| 008 | 080206r20092006enk b 001 0 eng d | ||
| 020 | _a9780349119748 (pbk.) : | ||
| 020 | _a0349119740 (pbk.) : | ||
| 082 | 0 | 4 |
_a304.82 _222 _bLEG |
| 100 | 1 |
_aLegrain, Philippe. _934041 |
|
| 245 | 1 | 0 |
_aImmigrants : _byour country needs them / _cPhilippe Legrain. |
| 260 |
_aLondon : _bAbacus, _c2009. |
||
| 263 | _a200805 | ||
| 300 |
_axiv, 369 p. ; _c20 cm. |
||
| 500 | _aOriginally published: London: Little, Brown, 2006. | ||
| 504 | _aIncludes bibliographical references and index. | ||
| 650 | 0 |
_aEmigration and immigration _xSocial aspects. _924315 |
|
| 653 |
_bPol _cOctober2013 |
||
| 650 | 0 |
_934042 _aEmigration and immigration _xEconomic aspects |
|
| 942 |
_2ddc _cBB |
||
| 999 |
_c17634 _d17606 |
||